The Gospels and their receptions: Festschrift Joseph Verheyden

"With this volume twenty-seven friends and colleagues of Joseph Verheyden, Professor of New Testament at KU Leuven, celebrate his sixty-fifth birthday and honour him for his outstanding achievements in the study of the New Testament and early Christian literature. The contributions, written by...

Full description

Saved in:  
Bibliographic Details
Contributors: Jonge, Henk Jan de 1943-2022 (Editor) ; Grundeken, Mark 1984- (Editor) ; Kloppenborg, John S. 1951- (Editor) ; Tuckett, Christopher M. 1948- (Editor) ; Verheyden, Joseph 1957- (Honoree)
Format: Electronic Book
Language:English
Subito Delivery Service: Order now.
Check availability: HBZ Gateway
Interlibrary Loan:Interlibrary Loan for the Fachinformationsdienste (Specialized Information Services in Germany)
Published: Leuven Peeters Publishers & Booksellers 2022
In:Year: 2022
Reviews:[Rezension von: The Gospels and their receptions : Festschrift Joseph Verheyden] (2024) (Hogeterp, Albert L. A., 1973 -)
Edition:1st ed.
Series/Journal:Bibliotheca Ephemeridum Theologicarum Lovaniensium Ser. v.330
Standardized Subjects / Keyword chains:B Gospels / Reception / History
Further subjects:B Q hypothesis (Synoptics criticism)
B Verheyden, Joseph 1957-
B Bible. Gospels Criticism, interpretation, etc
B Christian literature, Early
B Bible
B Festschrift
B Christian literature, Early History and criticism
B Electronic books
B Criticism, interpretation, etc
Online Access: Volltext (lizenzpflichtig)
Parallel Edition:Non-electronic

MARC

LEADER 00000cam a2200000 c 4500
001 183893748X
003 DE-627
005 20251226205950.0
007 cr uuu---uuuuu
008 230313s2022 xx |||||o 00| ||eng c
020 |a 9789042948778  |9 978-90-429-4877-8 
035 |a (DE-627)183893748X 
035 |a (DE-599)KEP089710630 
035 |a (EBC)EBC30401937 
035 |a (EBL)EBL30401937 
035 |a (DE-627-1)089710630 
040 |a DE-627  |b ger  |c DE-627  |e rda 
041 |a eng 
050 0 |a BS2555.52 
072 7 |a BS  |2 lcco 
082 0 |a 200.9  |q DLC  |2 22/eng/20230216 
084 |a 1  |2 ssgn 
084 |a 11.46  |2 bkl 
084 |a 11.36  |2 bkl 
245 0 4 |a The Gospels and their receptions  |b Festschrift Joseph Verheyden  |c edited by Henk Jan de Jonge, Mark Grundeken, John Kloppenborg, Christopher Tuckett 
250 |a 1st ed. 
264 1 |a Leuven  |b Peeters Publishers & Booksellers  |c 2022 
264 4 |c ©2022 
300 |a 1 online resource (725 pages) 
336 |a Text  |b txt  |2 rdacontent 
337 |a Computermedien  |b c  |2 rdamedia 
338 |a Online-Ressource  |b cr  |2 rdacarrier 
490 0 |a Bibliotheca Ephemeridum Theologicarum Lovaniensium Ser.  |v v.330 
500 |a Description based on publisher supplied metadata and other sources 
520 |a "With this volume twenty-seven friends and colleagues of Joseph Verheyden, Professor of New Testament at KU Leuven, celebrate his sixty-fifth birthday and honour him for his outstanding achievements in the study of the New Testament and early Christian literature. The contributions, written by authors from many countries in Europe, Canada, the United States, and South Africa, discuss the origin of the earliest gospels, the Sayings Source Q, various solutions to the Synoptic Problem, and the textual transmission of the canonical gospels. Other essays examine pre-Markan traditions, the traces the canonical gospels have left in the Apostolic Fathers, and the reception of the gospels in non-canonical writings such as the Gospel of Peter, the Apocalypse of Peter, and the Acts of Thecla, and in patristic and gnostic literature. Several papers are detailed commentaries on specific passages in the New Testament gospels, or concentrate on such figures as Mary, the mother of Jesus, and Nathanael. The volume also includes Verheyden's full bibliography 1979-2022." 
601 |a Festschrift 
630 2 0 |a Bible  |p Gospels  |x Criticism, interpretation, etc  |2 DLC 
630 0 4 |a Bible  |0 (OCoLC)fst01808065 
650 0 |a Christian literature, Early  |x History and criticism  |2 DLC 
650 0 |a Q hypothesis (Synoptics criticism)  |2 DLC 
650 4 |a Electronic books 
650 4 |a Christian literature, Early  |0 (OCoLC)fst00859261 
650 4 |a Q hypothesis (Synoptics criticism)  |0 (OCoLC)fst01084793 
650 4 |a Criticism, interpretation, etc  |0 (OCoLC)fst01411635 
655 7 |a Festschrift  |0 (DE-588)4016928-5  |0 (DE-627)104400986  |0 (DE-576)208917802  |2 gnd-content 
689 0 0 |d u  |0 (DE-588)4015806-8  |0 (DE-627)104746149  |0 (DE-576)208913602  |a Bibel  |2 gnd  |p Evangelien 
689 0 1 |d s  |0 (DE-588)4049716-1  |0 (DE-627)104675152  |0 (DE-576)209083182  |2 gnd  |a Rezeption 
689 0 2 |q z  |2 gnd  |a Geschichte 
689 0 |5 (DE-627) 
700 1 |e HerausgeberIn  |0 (DE-588)136603270  |0 (DE-627)584902891  |0 (DE-576)301104557  |4 edt  |a Jonge, Henk Jan de  |d 1943-2022 
700 1 |e HerausgeberIn  |0 (DE-588)1068346582  |0 (DE-627)82015573X  |0 (DE-576)427712491  |4 edt  |a Grundeken, Mark  |d 1984- 
700 1 |e HerausgeberIn  |0 (DE-588)131824279  |0 (DE-627)515629138  |0 (DE-576)165330678  |4 edt  |a Kloppenborg, John S.  |d 1951- 
700 1 |e HerausgeberIn  |0 (DE-588)141748400  |0 (DE-627)631178619  |0 (DE-576)164253300  |4 edt  |a Tuckett, Christopher M.  |d 1948- 
700 1 |e GefeierteR  |0 (DE-588)138082944  |0 (DE-627)669117498  |0 (DE-576)165373288  |4 hnr  |a Verheyden, Joseph  |d 1957- 
776 1 |z 9789042948761 
776 0 8 |i Erscheint auch als  |n Druck-Ausgabe  |t The Gospels and their receptions  |d Leuven : Peeters, 2022  |h XCII, 621, 10 Seiten  |w (DE-627)1820506428  |z 9789042948761  |z 9042948760  |k Non-Electronic 
787 0 8 |i Rezensiert in  |a Hogeterp, Albert L. A., 1973 -   |t [Rezension von: The Gospels and their receptions : Festschrift Joseph Verheyden]  |d 2024  |w (DE-627)1915770289 
856 4 0 |u https://ebookcentral.proquest.com/lib/kxp/detail.action?docID=30401937  |m X:EBC  |x Aggregator  |z lizenzpflichtig  |7 1 
912 |a ZDB-30-PQE 
935 |a BIIN 
936 b k |a 11.46  |j Exegese  |j Hermeneutik  |x Neues Testament  |q DA-3  |0 (DE-627)106417975 
936 b k |a 11.36  |j Biblische Theologie  |q DA-3  |0 (DE-627)106404431 
951 |a BO 
ACO |a 1 
BIB |a 1 
ELC |a 1 
LOK |0 000 xxxxxcx a22 zn 4500 
LOK |0 001 4657482122 
LOK |0 003 DE-627 
LOK |0 004 183893748X 
LOK |0 005 20250128140114 
LOK |0 008 250128||||||||||||||||ger||||||| 
LOK |0 040   |a DE-Tue135-1  |c DE-627  |d DE-Tue135-1 
LOK |0 852   |a DE-Tue135-1 
LOK |0 852 1  |m p  |9 00 
LOK |0 935   |a inmo 
LOK |0 938   |k p 
LOK |0 939   |a 28-01-25  |b l01 
ORI |a SA-MARC-ixtheoa001.raw 
REF |a Literaturinterpretation 
REL |a 1 
STA 0 0 |a History,History,History in art,Reception,Reception,Impact,Afterlife 
STB 0 0 |a Histoire,Histoire,Histoire,Réception <scientifique>,Réception <scientifique>,Influence intellectuelle,Influence intellectuelle,Influence intellectuelle (motif),Influence intellectuelle 
STC 0 0 |a Historia,Historia,Historia,Recepción,Recepción 
STD 0 0 |a Ricezione,Ricezione,Storia,Storia 
STE 0 0 |a 历史,史,接受,接收 
STF 0 0 |a 接受,接收,歷史,史 
STG 0 0 |a História,História,Recepção,Recepção 
STH 0 0 |a Восприятие (мотив),Восприятие,История (мотив),История 
STI 0 0 |a Αποδοχή (μοτίβο),Αποδοχή,Ιστορία (μοτίβο),Ιστορία 
SUB |a BIB  |a REL 
SYG 0 0 |a Evangelien,Evangelium,Kanonische Evangelien,Les Evangiles,I Vangeli,Evangelium,Evangelie,Gospels , Fortwirken,Nachwirkung,Nachleben,Wirkungsgeschichte,Aneignung , History,Geschichtliche Epoche,Historical development,Historische Entwicklung,Landesgeschichte,Regionalgeschichte,Ortsgeschichte,Zeitgeschichte